000 00413nam a2200169Ia 4500
003 OSt
005 20240614155349.0
008 170619s9999 xx 000 0 und d
020 _a9780132617697
040 _cIIMT ENGINEERING COLLEGE
100 _aHersey Blanchard
245 0 _aManagement of organizational behaviour
260 _bNew Delhi P H I
260 _c2004
546 _aENGLISH
942 _2ddc
_c02
999 _c22083
_d22083